LEADER 01231cam0 22003011 450 001 SOBE00079353 005 20251223113907.0 010 $a9791221103519 100 $a20240306d2023 |||||ita|0103 ba 101 $aita 102 $aIT 200 1 $aLezioni di diritto penale$eparte speciale$edelitti contro la persona, delitti contro la pubblica amministrazione, delitti contro l'amministrazione della giustizia, delitti contro il patrimonio$fFrancesco Cingari, Michele Papa, Antonio Vallini 205 $a2. ed 210 $aTorino$cGiappichelli$d2023 215 $aXIX, 419 p.$d23 cm 500 10$aLezioni di diritto penale$3SOBA00030412$92961239 700 1$aCingari$b, Francesco$3SOBA00030409$4070$0505712 701 1$aPapa, Michele$3A600200048543$4070$0139401 701 1$aVallini, Antonio$3SOBA00030411$4070$02045 801 0$aIT$bUNISOB$c20251223$gRICA 850 $aUNISOB 852 $aUNISOB$j340$m181283 912 $aSOBE00079353 940 $aM 102 Monografia moderna SBN 941 $aM 957 $a340$b008714$gBRE$d181283$n20240305$_15$rAcquisto$tV$[15$1Spinosa$2UNISOB$3UNISOB$420240306074247.0$520251223113907.0$6bethb$fTesto 2024/2025 996 $aLezioni di diritto penale$92961239 997 $aUNISOB